000
00263nam a22000977a 4500
999
_c
515669
_d
515669
082
_a
TNC K12x71 D968
100
_a
Dwivedi, O. P.
_9
21391
245
_a
The public service in Canada and India
_c
by O. P. Dwivedi
260
_a
New Delhi
_b
Jawahar
_c
1995
300
_a
289p.